| 000 | 00568nam a2200145Ia 4500 | ||
|---|---|---|---|
| 008 | 171212s9999 xx 000 0 und d | ||
| 020 | _a9781760461270 | ||
| 100 | _aRobertson, Robbie | ||
| 245 |
_cRobertson, Robbie _aThe General’s Goose _bFiji's Tale of Contemporary Misadventure |
||
| 260 |
_bANU E Press _c2017 |
||
| 440 | _aState, Society and Governance in Melanesia | ||
| 650 | _aCoups d’état -- Fiji; Democracy -- Fiji; Fiji -- Politics and government; Fiji -- History -- 20th century | ||
| 650 | _aHistory | ||
| 856 | _uhttp://jstor.org/stable/j.ctt1vw0p5r | ||
| 999 |
_c351361 _d351361 |
||